| 000 | 00742nam a2200229Ia 4500 | ||
|---|---|---|---|
| 005 | 20241129111153.0 | ||
| 008 | 241129s9999||||xx |||||||||||||| ||und|| | ||
| 020 | _a978-9004-50793-7 | ||
| 037 | _aTB | ||
| 040 |
_aCRL _beng _cCRL |
||
| 041 |
_aeng _2eng |
||
| 084 |
_aQ4.49D R2 _qCRL |
||
| 100 |
_aKasai Yukiyo Ed.; Sorensen Henrik H. Ed. _9723513 |
||
| 245 | 0 |
_aBuddhism in central asia II: practices and rituals visual and material transfer _cKasai Yukiyo Ed.; Sorensen Henrik H. Ed. |
|
| 260 |
_aLeiden, Netherlands _bLeiden The s _c2022 |
||
| 300 | _axxvi,560p. | ||
| 365 |
_aEURO _b199 |
||
| 490 | _aDynamics in the history of religions | ||
| 650 | _aBuddhism | ||
| 942 |
_cTB _hQ4.49D R2 |
||
| 999 |
_c1229245 _d1229245 |
||